000 00483nam a2200169Ia 4500
001 24576
003 IN-NITTTR
005 20251114233314.0
008 251113s9999||||xx |||||||||||||| ||eng||
040 _beng
040 _cIN-NITTTR
041 _aeng
082 _a671.35 V59A
100 _aVerma, Jai Chand
245 0 _aApplication of design of experiments to improve the machining processes for higher production rate and machinability. /
_cVerma, Jai Chand
942 _2ddc
_cBK
999 _c27205
_d27205